Responses for Show #3196 - Monday, June 22, 1998

Dave Abbott game 5.

Contestants

[<< previous game]

Colleen McMahon, a technical writer from College Park, Georgia

Jason Quick, a student from Omaha, Nebraska

Dave Abbott, a musician and contract manager from Cincinnati, Ohio (whose 4-day cash winnings total $55,200)

[next game >>]

Jeopardy! Round responses

THE NATIONAL GUARD
20th CENTURY HISTORY
CHARACTERS IN DISNEY FILMS
AROUND THE COLONY WITH PRUDENCE
WELL, WELL, WELL
MUSICALS IN OTHER WORDS
    $100 16
Dan Quayle

Jason
    $100 4
the Moral Majority

Jason
    $100 1
The Little Mermaid

Dave
    $100 21
candles

Dave
    $100 22
(Jason: What is got their wishes?)
...
(Alex: Jason, we have considered and accepted your response, also.)

made a wish

DaveJason
    $100 11
Evita

Dave
    $200 17
Operation Desert Storm

Dave
    $200 5
John Lennon & Paul McCartney

Dave
    $200 2
Aladdin

Dave
    $200 27
a bucket

Dave
    $200 23
an oil well

Dave
    $200 12
Rent

Colleen
    $300 18
the governor

Jason
    $300 7
Tiananmen Square

Colleen
    $300 3
Pocahontas

Jason
    $300 28
pews

Colleen
    $300 24
Beirut

Dave
    $300 13
Barnum

Dave
    $600 19
the Marquis de Lafayette

Jason
    $400 8
Charles de Gaulle

Jason
    $400 6
The Jungle Book

Jason
    $400 29
cider

Jason
    $400 25
cat (or puss)

Colleen
    $400 14
(Dave: What is Hello, Dolly!?)
(Jason: What is My Girl?)

My Fair Lady

DaveJason
Triple Stumper
    $500 20
(Colleen: What are the Army and the Navy?)

the Air Force & the Army

JasonColleen
    $500 9
(Colleen: What is the Russian Revolution?)

Mutiny

JasonColleen
    $500 10
The Sword in the Stone

Dave
    $500 30
cattle (or cows)

Dave
    $500 26
Rebecca

Jason
    $500 15
How to Succeed in Business Without Really Trying

Dave

Scores at the first commercial break (after clue 15):

Dave Jason Colleen
$1,500 $1,300 $0

Scores at the end of the Jeopardy! Round:

Dave Jason Colleen
$3,100 $3,800 $200

Double Jeopardy! Round responses

EASTERN EUROPE
SONGS
AUTHOR, AUTHOR
WHAT'S "NEW"?
MY HEAVENS!
OH, HELL!
    $200 11
Transylvania

Dave
    $200 6
"The Star-Spangled Banner"

Jason
    $200 1
Henry David Thoreau

Dave
    $200 26
"Something old, something new, something borrowed, something blue"

Jason
    $200 16
Nirvana

Jason
    $200 21
William T. Sherman

Dave
    $400 12
Holiday Inn

Jason
    $400 7
"Santa Claus Is Coming to Town"

Jason
    $400 2
Henry James

Colleen
    $400 30
Fig Newtons

Colleen
    $400 17
Valhalla

Dave
    $400 22
Audie Murphy

Dave
    $600 13
Baltic Sea

Dave
    $600 8
"My Funny Valentine" (sung there by Ella Fitzgerald)

Dave
    $600 3
George Orwell (Eric Blair)

Dave
    $600 27
New Order

Jason
    $600 18
"Happy Hunting Ground"

Colleen
    $600 23
(Jason: Who is Homer?)

Virgil

JasonColleen
    $800 14
Crimean Peninsula

Dave
    $800 9
"Every Breath You Take"

Colleen
    $800 4
Ellison

Dave
    $4,000 28
(Jason: Who is Newman?)

Spiro T. Agnew

Jason
    $800 19
Elysian Fields

Colleen
    $800 24
Pandemonium

Triple Stumper
    $3,000 15
Prague, Czech Republic

Dave
    $1000 10
"The Goalposts of Life"

Jason
    $1000 5
E.M. Forster

Jason
    $1000 29
Newbery Medal

Jason
    $1000 20
Seventh Heaven

Dave
    $1000 25
Tartarus

Jason

Scores at the end of the Double Jeopardy! Round:

Dave Jason Colleen
$11,900 $5,200 $3,800
(lock game)

[wagering suggestions for these scores]

Final Jeopardy! Round responses

ISLANDS
(Alex: Dave, you get your choice of the 2 Camaros, the Tahoe, or the Suburban - which shall it be?)
(Dave: I'll do the Suburban!)
ColleenWhat are the Aleutians?
$3,700
JasonWhat are the ?
$2,800
DaveWhat are the Pribilov Islands?
$1,499
Pribilof Islands

Final scores:

Dave Jason Colleen
$13,399 $2,400 $100
5-day champion: $68,599 2nd place: a trip to 5th Avenue Suites Hotel, Portland, Oregon 3rd place: a pair of Jaguar Friendship Collection watches

Game dynamics:

Coryat scores:

Dave Jason Colleen
$9,900 $9,000 $3,800
26 R
(including 1 DD),
1 W
22 R
(including 1 DD),
3 W
(including 1 DD)
10 R,
2 W

Combined Coryat: $22,700

[game clues] [game scores] [suggest correction]

Game tape date: 1998-03-09
The J! Archive is created by fans, for fans. Scraping, republication, monetization, and malicious use prohibited; this site may use cookies and collect identifying information. See terms. The Jeopardy! game show and all elements thereof, including but not limited to copyright and trademark thereto, are the property of Jeopardy Productions, Inc. and are protected under law. This website is not affiliated with, sponsored by, or operated by Jeopardy Productions, Inc. Join the discussion at JBoard.tv.